[Event "Buenos Aires Philidor CC Christmas"]
[Site "Buenos Aires"]
[Date "2019.12.10"]
[Round "3.9"]
[White "Rey Barassi, Roberto"]
[Black "Montedonico, Jose"]
[Result "1-0"]
[WhiteElo "1914"]
[BlackElo "1767"]
[PlyCount "77"]
[EventDate "2019.12.03"]
[EventType "swiss"]
[EventRounds "6"]
[EventCountry "ARG"]
[SourceTitle "EXT 2024"]
[Source "ChessBase"]
[SourceDate "2023.10.10"]
[SourceVersion "1"]
[SourceVersionDate "2023.10.10"]
[SourceQuality "1"]

1. e4 c5 2. Nf3 e6 3. d4 cxd4 4. Nxd4 a6 5. Nc3 Qc7 6. Be3 Nf6 7. f3 Be7 8. g4 d6 9. Qd2 Bd7 10. h4 Nc6 11. 0-0-0 Ne5 12. h5 Rb8 13. Be2 b5 14. g5 Ng8 15. f4 Nc4 16. Bxc4 Qxc4 17. Kb1 b4 18. Nce2 a5 19. f5 a4 20. g6 f6 21. fxe6 Bxe6 22. Nxe6 Qxe6 23. Nf4 Qd7 24. Qd5 Nh6 25. Ne6 Ng4 26. Nxg7+ Kd8 27. Ne6+ Ke8 28. g7 Rg8 29. Nc7+ Kd8 30. Qxg8+ Kxc7 31. Qxb8+ Kxb8 32. g8Q+ Kc7 33. Qc4+ Qc6 34. Qxc6+ Kxc6 35. Rh3 Ne5 36. Rg1 Nc4 37. Rg7 Kd7 38. Rxh7 Ke6 39. h6 1-0

[Event "Moron Mayor Cup Challengers 1819"]
[Site "Moron"]
[Date "2019.??.??"]
[Round "2.12"]
[White "Rey Barassi, Roberto"]
[Black "Granillo, Eloy Hernan"]
[Result "1-0"]
[WhiteElo "1895"]
[BlackElo "1749"]
[PlyCount "77"]
[EventDate "2019.04.01"]
[EventType "tourn"]
[EventRounds "7"]
[EventCountry "ARG"]
[SourceTitle "EXT 2024"]
[Source "ChessBase"]
[SourceDate "2023.10.10"]
[SourceVersion "1"]
[SourceVersionDate "2023.10.10"]
[SourceQuality "1"]

1. e4 g6 2. d4 d6 3. Nc3 Bg7 4. Be3 c6 5. Qd2 Nd7 6. f3 e6 7. 0-0-0 Qa5 8. g4 c5 9. Kb1 a6 10. h4 b5 11. h5 h6 12. hxg6 fxg6 13. b3 c4 14. Nh3 Nb6 15. Nf4 b4 16. Nce2 c3 17. Qd3 Bd7 18. e5 Ne7 19. exd6 Nbd5 20. dxe7 Nxe3 21. Qxg6+ Kxe7 22. Qxg7+ Kd6 23. Qe5+ Qxe5 24. dxe5+ Kc7 25. Rd6 a5 26. Ng2 Nd5 27. Nef4 Nxf4 28. Nxf4 a4 29. bxa4 Rxa4 30. Rxd7+ Kc6 31. Rd6+ Kc7 32. Nxe6+ Kc8 33. Bc4 Ra5 34. Rd5 Ra7 35. Rhd1 Re8 36. Rc5+ Kb8 37. Rd6 Rae7 38. Rb6+ Rb7 39. Rxb7+ 1-0